Olvass e-könyvet! - az elektronikus könyv- és médiatárak
Elmentve itt :
| Szerző: | |
|---|---|
| Dokumentumtípus: | Prezentáció |
| Megjelent: |
2019
|
| Tárgyszavak: | |
| Online Access: | http://eta.bibl.u-szeged.hu/423 |
| LEADER | 00626nnm a2200193 i 4500 | ||
|---|---|---|---|
| 001 | eta423 | ||
| 005 | 20191115102548.0 | ||
| 008 | 180516s2019 hu o 0|| hun d | ||
| 040 | |a SZTE Elektronikus Tananyag Archívum |b hun | ||
| 041 | |a hun | ||
| 100 | 1 | |a Nagy Gyula | |
| 245 | 1 | 0 | |a Olvass e-könyvet! - az elektronikus könyv- és médiatárak |h [elektronikus dokumentum] / |c Nagy Gyula |
| 260 | |c 2019 | ||
| 300 | |a 34 | ||
| 516 | |a Presentation | ||
| 650 | 4 | |a Társadalomtudományok | |
| 650 | 4 | |a Média és kommunikáció | |
| 650 | 4 | |a Könyvtártudomány | |
| 856 | 4 | 0 | |u https://eta.bibl.u-szeged.hu/423/1/ngy_ekonyv.pdf |z Dokumentum-elérés |